Reglamento de la dependencia establecida para la recaudación del derecho de carga y descarga, con aplicación á la obra del Puerto
Descripción Física:
8 p., [4] f. plegats : taules ; 22 cm
MARC
| LEADER | 00000nam a2200000Ia 4500 | ||
|---|---|---|---|
| 001 | 22859 | ||
| 008 | 160829s18-- ?] xx 000 0 cat d | ||
| 080 | |a RF-16-18 | ||
| 245 | |a Reglamento de la dependencia establecida para la recaudación del derecho de carga y descarga, con aplicación á la obra del Puerto | ||
| 260 | |a [Barcelona : |b s.n., |c 18-- ?] | ||
| 300 | |a 8 p., [4] f. plegats : |b taules ; |c 22 cm | ||
| 590 | |a Prové de 820, exp. 5 | ||
| 650 | |a Port de Barcelona |x Reglaments i procediment Ports |x Barcelona |9 47991 | ||
| 650 | |a Vaixells |x Càrrega |9 47992 | ||
| 650 | |a Estibadors |x Barcelona |9 47993 | ||
| 710 | 2 | |a Port de Barcelona |9 51934 | |
| 856 | 4 | |u https://media.diba.cat/diba/fitxers/arxiu/fulletons/bib_22859_1800_baixa.pdf |y Accés lliure | |
| 856 | 4 | |u https://media.diba.cat/diba/fitxers/arxiu/fulletons/bib_22859_1800_baixa.pdf |y Accés lliure | |
| 901 | |a Arxiu | ||
| 942 | |n 1 |2 udc | ||
| 952 | |0 0 |1 0 |4 0 |6 RF1618 |7 1 |9 54261 |a Arxiu |b Arxiu |d 2016-12-01 |l 0 |o RF-16-18 |p 22859 |r 2016-12-01 00:00:00 |w 2016-12-01 |y ARXIU | ||
| 999 | |c 58130 |d 58130 | ||
| 900 | |a bib_22859_1800_baixa.pdf | ||